[Event "OP-2013-0-02692"]
[Site "LSS email"]
[Date "2013.03.18"]
[Round "?"]
[White "Szczepanski, Zbigniew"]
[Black "Huseby, Lautaro"]
[Result "1-0"]
[WhiteElo "2469"]
[BlackElo "800"]
[PlyCount "33"]
[EventDate "2013.03.15"]
[EventType "tourn (corr)"]
[EventRounds "4"]
[EventCountry "GER"]
[SourceTitle "Corr 2015"]
[Source "ChessBase"]
[SourceDate "2015.07.17"]
[SourceVersion "1"]
[SourceVersionDate "2015.07.17"]
[SourceQuality "1"]

1. e4 g6 2. d4 e6 3. Nc3 Nh6 4. Nf3 Bg7 5. Bf4 0-0 6. Qc1 f5 7. Bxh6 Rf7 8. h4 Nc6 9. Bxg7 Kxg7 10. d5 exd5 11. h5 Kf8 12. hxg6 Rg7 13. gxh7 Rxh7 14. Rxh7 Qf6 15. Nxd5 fxe4 16. Nxf6 exf3 17. Qh6# 1-0